100 Maiores Cidades da Nova Zelândia com um Mapa - Statistics

Estatísticas Gerais
  • Esse quiz foi jogado 30 vezes
  • A pontuação média é 6 de 100
Respostas no mapa
Respostas codificadas por cores de uma escala verde-vermelha no mapa do quiz de acordo com a % correta abaixo.
 
Estatísticas das Respostas
população inclui cidade % Correto
1 638 800 Hibiscus Coast, Waiheke Island, Beachlands, Huapai Auckland
96%
418 500 Upper Hutt, Lower Hutt, Porirua Wellington
88%
407 600 Kaiapoi, Lyttelton, Prebbleton, Woodend Christchurch
46%
122 000 Mosgiel Dunedin
38%
19 540 Lake Hayes Queenstown
31%
203 100 Hamilton
27%
67 500 Richmond Nelson
23%
51 200 Invercargill
15%
59 500 Ngongotaha Rotorua
15%
141 600 Papamoa, Omokoroa Tauranga
15%
9700 Greymouth
12%
3310 Raglan
12%
24 700 Taupo
12%
37 200 Gisborne
8%
3590 Hokitika
8%
7920 Matamata
8%
58 300 New Plymouth
8%
4350 Picton
8%
5510 Alexandra
4%
2950 Arrowtown
4%
20 600 Cambridge
4%
5160 Cromwell
4%
5180 Dargaville
4%
9910 Gore
4%
70 600 Havelock North Hastings
4%
8150 Huntly
4%
4560 Kaikohe
4%
2150 Kaikoura
4%
5860 Kaitaia
4%
7080 Kawerau
4%
7520 Kerikeri
4%
8450 Motueka
4%
63 900 Napier
4%
89 500 Ashhurst Palmerston North
4%
31 400 Pukekohe
4%
2140 Te Anau
4%
4640 Te Kuiti
4%
8350 Te Puke
4%
7350 Thames
4%
29 100 Timaru
4%
14 050 Tokoroa
4%
3320 Turangi
4%
5150 Waihi
4%
8890 Wanaka
4%
4890 Warkworth
4%
2100 Wellsford
4%
58 800 Whangarei
4%
5080 Whitianga
4%
20 200 Ashburton
0%
3990 Balclutha
0%
31 600 Renwick Blenheim
0%
5320 Carterton
0%
5360 Dannevirke
0%
2230 Darfield
0%
2480 Featherston
0%
16 850 Feilding
0%
4720 Foxton
0%
2500 Geraldine
0%
2380 Greytown
0%
12 150 Hawera
0%
3150 Helensville
0%
3630 Inglewood
0%
42 700 Paraparaumu, Waikanae Kapiti Coast
0%
4710 Katikati
0%
21 200 Levin
0%
6100 Lincoln
0%
2270 Mapua
0%
4950 Marton
0%
22 200 Masterton
0%
7870 Morrinsville
0%
6580 Ngaruawahia
0%
13 950 Oamaru
0%
4320 Opotiki
0%
6410 Otaki
0%
2750 Otorohanga
0%
2170 Oxford
0%
4410 Paeroa
0%
2570 Pahiatua
0%
4100 Putaruru
0%
18 300 Rangiora
0%
16 250 Rolleston
0%
5040 Snells Beach
0%
5740 Stratford
0%
4720 Taumarunui
0%
4350 Te Aroha
0%
17 500 Kihikihi Te Awamutu
0%
4370 Temuka
0%
2220 Waihi Beach
0%
2890 Waimate
0%
2160 Waipawa
0%
4220 Waipukurau
0%
4290 Wairoa
0%
7040 Waitara
0%
9780 Waiuku
0%
2360 Wakefield
0%
3960 Westport
0%
19 750 Ohope Beach Whakatane
0%
3960 Whangamata
0%
40 900 Whanganui
0%
2370 Winton
0%
Nenhum quiz correspondente encontrado
Distribuição das Pontuações
Porcentagem de Pessoas com Cada Pontuação
Percentil de Números Respondidos
Sua Pontuação Histórica
Você não jogou esse quiz